000 00298nam a2200121 a 4500
005 20140414131915.0
008 100915s19uu xx 00 eng d
050 _aFIC
_bB81 2003
100 _aBrown, Jeff
245 _aFlat Stanley.
260 _aNew York :
_bScholastic ,
_c2003.
999 _c111417
_d111417